Marie Curie Discover of Radium / (Record no. 10232)
[ view plain ]
| 000 -LEADER | |
|---|---|
| fixed length control field | 00488nam a22002057a 4500 |
| 001 - CONTROL NUMBER | |
| JCCL Control Number | 10232 |
| 003 - CONTROL NUMBER IDENTIFIER | |
| JCCL marc code | OSt |
| 005 - DATE AND TIME OF LATEST TRANSACTION | |
| control field | 20180421180644.0 |
| 008 - FIXED-LENGTH DATA ELEMENTS--GENERAL INFORMATION | |
| fixed length control field | 180421b1957 uk ||||| |||| 00| 0 eng d |
| 035 ## - SYSTEM CONTROL NUMBER | |
| system control number | (BD-JhCC)10232 |
| 040 ## - CATALOGING SOURCE | |
| Original cataloging agency | BD-JhCC |
| Modifying agency | BD-JhCC |
| 041 ## - LANGUAGE CODE | |
| Language code of Book | eng |
| 082 ## - DEWEY DECIMAL CLASSIFICATION NUMBER | |
| Classification number | 925.3 |
| Author mark and Year | MOO 1957 |
| 100 ## - MAIN ENTRY--PERSONAL NAME | |
| Personal name | Moore, Mary F. |
| 245 ## - TITLE STATEMENT | |
| Title | Marie Curie Discover of Radium / |
| Statement of responsibility, etc | Mary F. Moore |
| 300 ## - PHYSICAL DESCRIPTION | |
| Pagination | 61 p. : |
| Dimensions | 18 cm. |
| 650 ## - SUBJECT ADDED ENTRY--TOPICAL TERM | |
| Topical term or geographic name as entry element | Biography |
| 942 ## - ADDED ENTRY ELEMENTS (KOHA) | |
| Source of classification or shelving scheme | Dewey Decimal Classification |
| Koha item type | Books |
| Source of classification or shelving scheme | Damaged status | Not for loan | Home library | Current library | Shelving location | Date of accession | Total Checkouts | Full call number | Barcode | Date last seen | Copy number | Koha item type |
|---|---|---|---|---|---|---|---|---|---|---|---|---|
| Dewey Decimal Classification | JCC Rouf Library | JCC Rouf Library | General Stacks | 04/21/2018 | 925.3 MOO 1957 | 12233 | 04/21/2018 | C-1 | Books |